000 00907nam a2200253Ia 4500
003 OSt
005 20220923220650.0
006 a|||||r|||| 00| 0
007 ta
008 220922b |||||||| |||| 00| 0 hin d
024 _a188,871
037 _cTextual
040 _aARTS
_cARTS
_bhin
041 _2hin
_ahin
082 _aO152,2M98:g, J6
100 _aरामचरण महेन्द्र
_9156292
245 0 _aसेठ गोविन्द दास
_b नाटय कला तथा कृतियॉ
246 _aSeṭh govinda dāsa: nāṭaya kalā tathā kṛutiyaॉ
260 _aदिल्ली
_b भारती साहित्य मंदिर
_c1956
300 _a216 पृ.
_ccm.
650 _aहिन्दी नाटक
942 _hO152,2M98:g, J6
_cTEXL
_2CC
999 _c341754
_d341754